Chce to "lásku v nás"

Podrobná bibliografia
Hlavný autor: Rojček, Tomáš 1980- (Interviewee)
Médium: Článok
Jazyk:Slovak
Témy:
Zdroj: 1. Evanjelický posol spod Tatier 1. Roč. 98, č. 24-25 (2008), s. 8 1. 0139-8768
LEADER 00997nab#a2200373#ar4500
001 000091221
003 SVKKK
005 20080919073402.0
008 080625c2008 xo |||||||||||||||b|slo
FMT
015 |a SNBRB2008/09 
038 |a SVKKK 
040 |a SVKKK  |b slo  |e AACR2 
041 0 |a slo 
044 |a xo  |c SK 
080 |a 78  |2 1997 
080 |a 929 Rojček, Tomáš  |2 1997 
245 1 0 |a Chce to "lásku v nás"  |c [autor] -eš-, Tomáš Rojček 
300 |b Fotogr. 
600 1 4 |a Rojček, Tomáš  |d 1980-  |x hudobný skladateľ, klavírista 
611 2 4 |a Stretnutie kresťanov  |d (27.-29.6.2008 :  |c Bratislava, Slovensko)  |x znelka 
655 # 4 |a biografie 
655 # 4 |a náboženstvo 
700 1 |a Rojček, Tomáš  |d 1980-  |4 ive  |4 aut 
773 0 |t Evanjelický posol spod Tatier  |g Roč. 98, č. 24-25 (2008), s. 8  |x 0139-8768 
957 |a Bratislava 
958 |a BX 
958 |a NT 
974 |a Čr 
992 |a RBX 
BAS
852 |a SVKKK  |b BIB 
EXP
998 |a SLO